000 00916nas a2200289 4500
001 BR2018001371
003 BR-BrBNA
005 20231205131345.0
007 ta
008 230509b bl.|||p| |||| 00| 00por d
040 _aBR-BrBNA
_bpor
_cBiblioteca Nacional de Agricultura
041 _a(Pt)
072 _aQ03; Q04
100 1 _aFerreira, R.A. dos R.
100 1 _aSilva, R.H.
245 1 _aAvaliação da composição centesimal de hambúrgueres bovinos encontrados nos mercados de Uberaba
650 _aHAMBURGER
650 _aCARNE TRATADA
650 _aPROPRIEDADE FÍSICO-QUÍMICA
650 _aANÁLISE ORGANOLÉPTICA
650 _aLEGISLAÇÃO
650 _aSEGURANÇA ALIMENTAR
650 _aCONSUMIDOR
773 0 _tHigiene Alimentar (Brazil)
_xISSN 0101-9171
_g(May-Jun 2018), v. 32(280-281) p. 79-84
_wBR2018001371
909 _a202311
_bLúcia
_c55
_dLúcia Elande
942 _2AGRIS
_n0
_cANA
999 _c254366
_d254366